Catálogo de la Biblioteca Horacio González - Universidad Nacional de General Sarmiento

La guerra del fuego (Registro nro. 54088)

Detalles MARC
000 -CABECERA
campo de control de longitud fija 01891ngm a22003970a 4500
001 - NÚMERO DE CONTROL
campo de control PT56721
003 - IDENTIFICADOR DEL NÚMERO DE CONTROL
campo de control AR-LpoUNG
005 - FECHA Y HORA DE LA ÚLTIMA TRANSACCIÓN
campo de control 20210202000059.0
007 - CAMPO FIJO DE DESCRIPCIÓN FÍSICA--INFORMACIÓN GENERAL
campo de control de longitud fija vd cvaizq
008 - DATOS DE LONGITUD FIJA--INFORMACIÓN GENERAL
campo de control de longitud fija 191001s2005||||xxc|||||||||||||||||eng d
040 ## - FUENTE DE LA CATALOGACIÓN
Centro catalogador/agencia de origen AR-LpoUNG
Lengua de catalogación spa
Centro/agencia transcriptor AR-LpoUNG
Normas de descripción aacr
041 ## - CÓDIGO DE LENGUA
Código de lengua del texto/banda sonora o título independiente eng
-- spa
044 ## - CÓDIGO DEL PAÍS DE LA ENTIDAD EDITORA/PRODUCTORA
Código MARC del país xxc
082 0# - NÚMERO DE LA CLASIFICACIÓN DECIMAL DEWEY
Número de clasificación 931.12 613gue
100 1# - ENTRADA PRINCIPAL--NOMBRE DE PERSONA
Nombre de persona Annaud, Jean-Jacques
Término indicativo de función/relación dir.
245 13 - MENCIÓN DE TÍTULO
Título La guerra del fuego
260 ## - PUBLICACIÓN, DISTRIBUCIÓN, ETC.
Lugar de publicación, distribución, etc. [Otawa] :
Nombre del editor, distribuidor, etc. International Cinema of Canada,
Fecha de publicación, distribución, etc. 2005.
300 ## - DESCRIPCIÓN FÍSICA
Extensión DVD : son., col.
505 0# - NOTA DE CONTENIDO CON FORMATO
Nota de contenido con formato Hecha en 1981. Guión : Gérard Brach. Música: Philiphe Sarde. Fotografía: Claude Agostini. Calificación: SAM 13
520 ## - SUMARIO, ETC.
Sumario, etc. La acción transcurre hace unos 80.000 años, cuando una tribu prehistórica sufre el ataque de otro grupo. Como consecuencia, debe abandonar la cueva en la que habita y pierde el control del fuego. Dado que el grupo no conoce el modo de producir fuego, se ve obligado a conseguirlo en otro sitio. Entonces, el anciano de la tribu asigna a tres de sus integrantes la misión de obtener un nuevo fuego. Pero esta búsqueda estará signada por la lucha contra un grupo de antropófagos y por el conocimiento que atesora una mujer. Ella con- ducirá a los exploradores hasta su propia tribu, donde les revelará la técnica practicada por su grupo para la elaboración del fuego. Final- mente, los buscadores volverán a su tribu de origen para aportar no sólo el nuevo fuego sino también la técnica para su producción.
650 #4 - PUNTO DE ACCESO ADICIONAL DE MATERIA--TÉRMINO DE MATERIA
Término de materia o nombre geográfico como elemento de entrada ASPECTOS ECONOMICOS
650 #4 - PUNTO DE ACCESO ADICIONAL DE MATERIA--TÉRMINO DE MATERIA
Término de materia o nombre geográfico como elemento de entrada CREENCIA
650 #4 - PUNTO DE ACCESO ADICIONAL DE MATERIA--TÉRMINO DE MATERIA
Término de materia o nombre geográfico como elemento de entrada DRAMA
650 #4 - PUNTO DE ACCESO ADICIONAL DE MATERIA--TÉRMINO DE MATERIA
Término de materia o nombre geográfico como elemento de entrada HOMBRE
650 #4 - PUNTO DE ACCESO ADICIONAL DE MATERIA--TÉRMINO DE MATERIA
Término de materia o nombre geográfico como elemento de entrada MEDIO AMBIENTE
650 #4 - PUNTO DE ACCESO ADICIONAL DE MATERIA--TÉRMINO DE MATERIA
Término de materia o nombre geográfico como elemento de entrada RELACIONES HUMANAS
650 #4 - PUNTO DE ACCESO ADICIONAL DE MATERIA--TÉRMINO DE MATERIA
Término de materia o nombre geográfico como elemento de entrada SOCIEDAD
651 #4 - PUNTO DE ACCESO ADICIONAL DE MATERIA--NOMBRE GEOGRÁFICO
Nombre geográfico DOCUMENTOS TEORICOS O METODOLOGICOS
653 ## - TÉRMINO DE INDIZACIÓN--NO CONTROLADO
Término no controlado DOCUMENTALES
653 ## - TÉRMINO DE INDIZACIÓN--NO CONTROLADO
Término no controlado DVD
653 ## - TÉRMINO DE INDIZACIÓN--NO CONTROLADO
Término no controlado EVOLUCION
653 ## - TÉRMINO DE INDIZACIÓN--NO CONTROLADO
Término no controlado HOMINIZACION
653 ## - TÉRMINO DE INDIZACIÓN--NO CONTROLADO
Término no controlado VIDEOS
905 ## - ELEMENTOS DE DATOS E LOCAL, LDE (RLIN)
a 56721
942 ## - ELEMENTOS DE PUNTO DE ACCESO ADICIONAL (KOHA)
Tipo de ítem Koha DVD
Existencias
Estado de retiro Estado de pérdida Estado dañado No para préstamo Código de colección Localización permanente Ubicación/localización actual Fecha de adquisición Total de préstamos Signatura topográfica completa Código de barras Fecha visto por última vez Precio válido a partir de Tipo de ítem Koha
        Colección Cine Biblioteca Universidad Nacional de General Sarmiento Biblioteca Universidad Nacional de General Sarmiento 02/02/2021   931.12 613gue 00061136 02/02/2021 02/02/2021 DVD